000 00575ntaaa2200217 4500
003 01
005 20251027203237.0
008 0714s1973 ag 01
020 _a9789871501038
040 _aAR-BaBN
_bspa
_cAR-BaBN
_eaacr
_dRIC
082 _a199.82 K96
100 _aKusch, Rodolfo
_934799
245 _aLa negación en el pensamiento popular /
_cRodolfo Kusch
250 _a1ª ed.
260 _aBuenos Aires :
_bLas cuarenta,
_c2008
300 _a230 p. ;
_c21 x 14 cm.
490 _aPampaaru ;
_v5
650 _aFILOSOFIA
650 _aARGENTINA
_94582
942 _cBK
999 _c27879
_d27879